Dos años de vacaciones / (Registro nro. 3583)
[ vista simple ]
| 000 -LEADER | |
|---|---|
| fixed length control field | 00939nam a2200241Ia 4500 |
| 003 - CONTROL NUMBER IDENTIFIER | |
| control field | OSt |
| 005 - DATE AND TIME OF LATEST TRANSACTION | |
| control field | 20250505123452.0 |
| 008 - FIXED-LENGTH DATA ELEMENTS--GENERAL INFORMATION | |
| fixed length control field | 191128s1992 mx er 000 f spa d |
| 020 ## - INTERNATIONAL STANDARD BOOK NUMBER | |
| International Standard Book Number | 9684224111 |
| 040 ## - CATALOGING SOURCE | |
| Original cataloging agency | CO-JMCR |
| Transcribing agency | CO-JMCR |
| 041 ## - LANGUAGE CODE | |
| Language code of text/sound track or separate title | spa |
| 082 04 - DEWEY DECIMAL CLASSIFICATION NUMBER | |
| Classification number | A-N |
| Item number | VERd |
| 100 1# - MAIN ENTRY--PERSONAL NAME | |
| Personal name | Verne, Jules, |
| Dates associated with a name | 1828-1905 |
| Relator term | autor |
| 9 (RLIN) | 5945 |
| 245 10 - TITLE STATEMENT | |
| Title | Dos años de vacaciones / |
| Statement of responsibility, etc. | Julio Verne ; prólogo María Elvira Bermúdez |
| 250 ## - EDITION STATEMENT | |
| Edition statement | Quinta edición |
| 260 ## - PUBLICATION, DISTRIBUTION, ETC. | |
| Place of publication, distribution, etc. | México : |
| Name of publisher, distributor, etc. | Porrúa, |
| Date of publication, distribution, etc. | 1992 |
| 300 ## - PHYSICAL DESCRIPTION | |
| Extent | xxi, 199 páginas ; |
| Dimensions | 22 cm. |
| 500 ## - GENERAL NOTE | |
| General note | Incluye índice. |
| 520 ## - SUMMARY, ETC. | |
| Summary, etc. | Un grupo de quince muchachos de diferentes nacionalidades pertenecientes a un colegio de Nueva Zelanda, embarcan en una goleta, mientras la tripulación descansa en tierra, inexplicablemente las amarras se sueltan y la embarcación es arrastrada. |
| 650 14 - SUBJECT ADDED ENTRY--TOPICAL TERM | |
| Topical term or geographic name entry element | Novela juvenil |
| 9 (RLIN) | 8281 |
| 700 ## - ADDED ENTRY--PERSONAL NAME | |
| Personal name | Bermúdez, María Elvira, |
| Relator term | prólogo |
| 9 (RLIN) | 8282 |
| 942 ## - ADDED ENTRY ELEMENTS (KOHA) | |
| Source of classification or shelving scheme | Dewey Decimal Classification |
| Koha item type | Books |
| Withdrawn status | Lost status | Source of classification or shelving scheme | Damaged status | Not for loan | Collection code | Home library | Current library | Date acquired | Source of acquisition | Total Checkouts | Full call number | Barcode | Date last seen | Date last checked out | Copy number | Koha item type |
|---|---|---|---|---|---|---|---|---|---|---|---|---|---|---|---|---|
| Dewey Decimal Classification | Fiction | Biblioteca Pública José María del Castillo y Rada | Biblioteca Pública José María del Castillo y Rada | 11/28/2019 | Donación | 1 | A-N VERd | 201807450 | 08/05/2024 | 08/05/2024 | Ej.1 | Books |